000 00361nam a22001577a 4500
003 OSt
005 20260316104324.0
007 548 pages
008 260316b |||||||| |||| 00| 0 eng d
040 _c
082 _a005.133
_bKAN
245 _aLet us Python
_cKanetkar, Yashavant
250 _a7
260 _bBPB
_c2019
942 _2ddc
_cBK
_e7
_k005.133
_mKAN
_n0
999 _c36323
_d36323